Domain Decomposition Methods in Science and Engineering XXIII

This book is a collection of papers presented at the 23rd International Conference on Domain Decomposition Methods in Science and Engineering, held on Jeju Island, Korea on July 6-10, 2015. Domain decomposition methods solve boundary value problems by splitting them into smaller boundary value probl...

Full description

Bibliographic Details
Corporate Author: SpringerLink (Online service)
Other Authors: Lee, Chang-Ock (Editor), Cai, Xiao-Chuan (Editor), Keyes, David E. (Editor), Kim, Hyea Hyun (Editor), Klawonn, Axel (Editor), Park, Eun-Jae (Editor), Widlund, Olof B. (Editor)
Format: Electronic eBook
Language:English
Published: Cham : Springer International Publishing : Imprint: Springer, 2017.
Series:Lecture Notes in Computational Science and Engineering, 116
Subjects:
Online Access:Full Text via HEAL-Link
LEADER 02486nam a22005055i 4500
001 978-3-319-52389-7
003 DE-He213
005 20170317064356.0
007 cr nn 008mamaa
008 170317s2017 gw | s |||| 0|eng d
020 |a 9783319523897  |9 978-3-319-52389-7 
024 7 |a 10.1007/978-3-319-52389-7  |2 doi 
040 |d GrThAP 
050 4 |a QA71-90 
072 7 |a PDE  |2 bicssc 
072 7 |a COM014000  |2 bisacsh 
072 7 |a MAT003000  |2 bisacsh 
082 0 4 |a 004  |2 23 
245 1 0 |a Domain Decomposition Methods in Science and Engineering XXIII  |h [electronic resource] /  |c edited by Chang-Ock Lee, Xiao-Chuan Cai, David E. Keyes, Hyea Hyun Kim, Axel Klawonn, Eun-Jae Park, Olof B. Widlund. 
264 1 |a Cham :  |b Springer International Publishing :  |b Imprint: Springer,  |c 2017. 
300 |a XVIII, 415 p. 123 illus., 83 illus. in color.  |b online resource. 
336 |a text  |b txt  |2 rdacontent 
337 |a computer  |b c  |2 rdamedia 
338 |a online resource  |b cr  |2 rdacarrier 
347 |a text file  |b PDF  |2 rda 
490 1 |a Lecture Notes in Computational Science and Engineering,  |x 1439-7358 ;  |v 116 
520 |a This book is a collection of papers presented at the 23rd International Conference on Domain Decomposition Methods in Science and Engineering, held on Jeju Island, Korea on July 6-10, 2015. Domain decomposition methods solve boundary value problems by splitting them into smaller boundary value problems on subdomains and iterating to coordinate the solution between adjacent subdomains. Domain decomposition methods have considerable potential for a parallelization of the finite element methods, and serve a basis for distributed, parallel computations. 
650 0 |a Mathematics. 
650 0 |a Computer mathematics. 
650 1 4 |a Mathematics. 
650 2 4 |a Computational Science and Engineering. 
700 1 |a Lee, Chang-Ock.  |e editor. 
700 1 |a Cai, Xiao-Chuan.  |e editor. 
700 1 |a Keyes, David E.  |e editor. 
700 1 |a Kim, Hyea Hyun.  |e editor. 
700 1 |a Klawonn, Axel.  |e editor. 
700 1 |a Park, Eun-Jae.  |e editor. 
700 1 |a Widlund, Olof B.  |e editor. 
710 2 |a SpringerLink (Online service) 
773 0 |t Springer eBooks 
776 0 8 |i Printed edition:  |z 9783319523880 
830 0 |a Lecture Notes in Computational Science and Engineering,  |x 1439-7358 ;  |v 116 
856 4 0 |u http://dx.doi.org/10.1007/978-3-319-52389-7  |z Full Text via HEAL-Link 
912 |a ZDB-2-SMA 
950 |a Mathematics and Statistics (Springer-11649)